000 00451nam a2200181Ia 4500
005 20240823063027.0
008 240823s9999||||xx |||||||||||||| ||und||
041 _aENGLISH
082 _A004 N6
100 _aHanda M
245 0 _aComputer Science and Engineering
250 _a2nd
260 _c1996
_b"Satya Prakashan,New Delhi"
500 _aTransfered
650 _aComputer Science
_bComputer Applications
942 _cBK
999 _c237275
_d237275